Представление документа в формате MARC21

Поле Инд. ПП Название Значение
Тип записи a
Библиографический уровень b
001 Контрольный номер RU/IS/BASE/264552734
005 Дата корректировки 20200629065926.0
008 Кодируемые данные 19951027
084 a Индекс другой классификации/Индекс ББК 66.041.33
100 10 a Автор Залысин И. Ю.
245 00 a Заглавие Политическое насилие в системе власти
650 a Основная рубрика политика
a Основная рубрика политология
653 00 a Ключевые слова власть
a Ключевые слова насилие
a Ключевые слова политическая борьба
a Ключевые слова политическое насилие
773 00 t Заглавие источника Социально-политический журнал
d Дата издания источника 1995
g Прочая информация № 3. - С. 90 - 101
w Контрольный № источника RU/IS/BASE/141310123
901 t Тип документа b